Statistics for New Zealand National Party Leaders - Picture Quiz

Click here to take the quiz!

General Stats

  • This quiz has been taken 17 times
  • The average score is 10 of 13

Answer Stats

Answer% Correct
Bill English
100%
Jenny Shipley
100%
John Key
100%
Robert Muldoon
94%
Simon Bridges
94%
Jim Bolger
88%
Don Brash
82%
Keith Holyoake
71%
Todd Muller
71%
Jack Marshall
53%
Sidney Holland
53%
Jim McLay
35%
Adam Hamilton
29%

Score Distribution

Percentile by Number Answered

Percent of People with Each Score

Your Score History

You have not taken this quiz